El "Quijote" y Don Quijote en América : (Record no. 131797)

MARC details
000 -LEADER
campo de control de longitud fija 01134nam a2200265 i 4500
001 - NÚMERO DE CONTROL
campo de control 131797
003 - IDENTIFICADOR DE NÚMERO DE CONTROL
campo de control ES-MaACL
005 - FECHA Y HORA DE LA ÚLTIMA TRANSACCIÓN
campo de control 20260114102009.0
007 - CAMPO FIJO DE DESCRIPCIÓN FÍSICA--INFORMACIÓN GENERAL
campo de control de longitud fija t|
008 - DATOS DE LONGITUD FIJA--INFORMACIÓN GENERAL
campo de control de longitud fija 070214s1911 sp 00110 spa d
100 1# - ENTRADA PRINCIPAL--NOMBRE DE PERSONA
Nombre de persona Rodríguez Marín, Francisco,
Fechas asociadas al nombre 1855-1943
9 (RLIN) 98634
245 14 - MENCIÓN DEL TÍTULO
Título El "Quijote" y Don Quijote en América :
Resto del título conferencias leídas en el Centro de Cultura Hispano-Americana los días 10 y 17 de marzo de 1911 /
Mención de responsabilidad, etc. por Francisco Rodríguez Marín.
246 3# - FORMA VARIANTE DEL TITULO
Título propio/Titulo breve Don Quijote en América
260 ## - PUBLICACIÓN, DISTRIBUCIÓN, ETC.
Lugar de publicación, distribución, etc. Madrid :
Nombre del editor, distribuidor, etc. Librería de los Sucesores de Hernando,
Fecha de publicación, distribución, etc. 1911 (
Fabricante Imp. de Gaceta Administrativa)
300 ## - DESCRIPCIÓN FÍSICA
Extensión 118 p. ;
Dimensiones 19 cm.
500 ## - NOTA GENERAL
Nota general Apéndice.
530 ## - NOTA DISPONIBLE DE FORMULARIO FÍSICO ADICIONAL
Nota de formato físico adicional disponible Disponible en formato digital.
600 14 - PUNTO DE ACCESO ADICIONAL DE MATERIA--NOMBRE DE PERSONA
Nombre de persona Cervantes Saavedra, Miguel de,
Fechas asociadas al nombre 1547-1616.
Título de la obra Don Quijote de la Mancha
9 (RLIN) 37612
600 14 - PUNTO DE ACCESO ADICIONAL DE MATERIA--NOMBRE DE PERSONA
Nombre de persona Cervantes Saavedra, Miguel de,
Fechas asociadas al nombre 1547-1616-
Subdivisión general Recepción-
Subdivisión geográfica América
9 (RLIN) 170979
710 2# - ENTRADA AGREGADA--NOMBRE DE ENTIDAD CORPORATIVA
Nombre de entidad corporativa o nombre de jurisdicción como elemento de entrada Centro de Cultura Hispano-Americana.
9 (RLIN) 2596
852 ## - LOCALIZACIÓN
Ubicación ES-MaACL
Número de control de estantería D-2110
Ubicación en estantería Sala Valle Inclán
856 4# - LOCALIZACIÓN Y ACCESO ELECTRÓNICOS
Identificador Uniforme de Recursos <a href="https://archive.org/details/elquijoteydonqui00rodr">https://archive.org/details/elquijoteydonqui00rodr</a>
Texto de enlace (Internet Archive)
942 ## - ELEMENTOS DE ENTRADA SECUNDARIOS (KOHA)
Fuente del sistema de clasificación o colocación Clasificación decimal universal
Holdings
Estatus retirado Estado de pérdida Estado de daño No para préstamo Colección Biblioteca de origen Biblioteca actual Ubicación en estantería Fecha de adquisición Fuente de adquisición Total de préstamos Signatura topográfica completa Código de barras Visto por última vez Precio de reemplazo Tipo de ítem Koha
        Colección digital Biblioteca del Ateneo de Madrid Biblioteca del Ateneo de Madrid Sala Valle Inclán 17/01/2008     D-2110 901137209 23/02/2023 23/02/2023 Libro impreso